000 003270000a22001330004500
041 0 _aSPA
082 0 4 _aG 863 G215r
100 1 _aGarcia Pavón, Francisco
245 1 0 _aEl rapto de las Sabinas / Francisco García Pavón
260 _aBarcelona : Circulo de Lectores S.A
300 _a212 Pág.
001 14760
942 _cBK
999 _c43600
_d43600